| 000 | 00616 a2200157 4500 | ||
|---|---|---|---|
| 999 |
_c8255 _d8255 |
||
| 020 | _a9004132805 (alk. paper) | ||
| 050 | 0 | 0 | _aP306 NID 2003 |
| 100 | 1 |
_aNida, Eugene A. _d1914-2011. |
|
| 245 | 1 | 0 |
_aToward a science of translating : _bwith special reference to principles and procedures involved in Bible translating / _cby Eugene A. Nida. |
| 264 |
_aBoston: _bBrill, _c2003 |
||
| 300 |
_ax, 331 p. : _bill. ; |
||
| 500 | _aOriginally published: 1964. With new introd. | ||
| 504 | _aIncludes bibliographical references (p. 265-320) and index. | ||
| 650 | 0 | _aTranslating and interpreting. | |
| 942 |
_2lcc _cBK _h306 _iNID _kP |
||